000 00575nam a2200217Ia 4500
005 20250508165435.0
008 008 250505s9999 xx 000 0 eng d
020 _a978-1-4411-9170-0
037 _aReference
040 _aFEDL
_beng
_cFEDL
041 _aeng
_2eng
084 _a370.15, WOO/RR
_qFEDL
100 _aWoolfolk Anita
245 0 _aEducational psychology
250 _a12
260 _aNew Delhi, India
_bPearson Education
_c2014
300 _a691p.
365 _aINR
_b750
942 _cREF
_h370.15, WOO/RR
999 _c1395104
_d1395104